000 00323nam a22001457a 4500
008 230705b ||||| |||| 00| 0 eng d
020 _a9780134469966
041 _aeng
080 _22ND EDITION
_a51
082 _a51BLI
100 _a23
101 _aMATEM
245 _aBLITZER TRIGONOMETRY
_cBLITZER
942 _2udc
_cBK
999 _c60094
_d60094